Gaming Quiz

Random Gaming or Pokémon Quiz

Pokémon: Name the Generations Quiz Stats

Quiz Updated Oct 19, 2016

Challenge
Share
Tweet
Embed
Score 0/40 Timer 02:00
16 Plays Today
Pokémon Generation % Correct
Oddish???
83.1%
Exeggcute???
82.7%
Kangaskhan???
82.2%
Rhydon???
81.6%
Venonat???
81%
Kingler???
79.5%
Slowbro???
79.1%
Snubbull???
71.3%
Torkoal???
67.9%
Sableye???
67.1%
Nincada???
66.7%
Scraggy???
66.2%
Aipom???
65.9%
Feebas???
65.5%
Woobat???
65.2%
Cubchoo???
65.2%
Tyrogue???
65.1%
Boldore???
65.1%
Swanna???
64.5%
Linoone???
64%
Pokémon Generation % Correct
Crustle???
63.7%
Glameow???
63.3%
Azumarill???
62.8%
Burmy???
62%
Budew???
61.5%
Whiscash???
61.5%
Cherrim???
60.9%
Chatot???
60.8%
Remoraid???
59.8%
Chinchou???
58.4%
Whimsicott???
58.3%
Misdreavus???
58.2%
Slugma???
58.1%
Grumpig???
58.1%
Yamask???
57.8%
Dusknoir???
57.6%
Weavile???
55.8%
Carnivine???
55.5%
Mantyke???
50.5%
Wynaut???
49.3%

You're not logged in!

Compare scores with friends on all Sporcle quizzes.
Sign Up with Email
OR
Log In

You Might Also Like...

Show Comments

Extras

Top Quizzes Today


Score Distribution

Your Account Isn't Verified!

In order to create a playlist on Sporcle, you need to verify the email address you used during registration. Go to your Sporcle Settings to finish the process.